Movies Quiz

Random Movies or Pixar Quiz

Finding Nemo Characters Quiz Stats

 Plays Quiz Updated Mar 4, 2012

Also try: Pixar Voices
Challenge
Share
Tweet
Score 0/25 Timer 07:00
1 Play Today
Number Character % Correct
5Nemo
99.4%
2Dory
94.9%
1Marlin
80.5%
6Bruce
71.8%
3Crush
65.9%
7Squirt
61%
23Darla
51.9%
17Deb & Flo
50.4%
25Squishy
47.1%
4Gill
46.7%
21Mr. Ray
37.7%
13Bubbles
35.1%
11Nigel
32.7%
Number Character % Correct
12Peach
30.7%
8Coral
30.6%
14Jacques
28.3%
22P. Sherman
22.4%
15Bloat
20.4%
10Chum
18.8%
19Pearl
17%
24School of Fish
16.4%
9Anchor
15.3%
18Sheldon
11.7%
16Gurgle
8.9%
20Tad
8.5%

You're not logged in!

Compare scores with friends on all Sporcle quizzes.
Join for Free
OR
Log In

You Might Also Like...

Show Comments

Extras

Top Quizzes Today


Score Distribution

Your Account Isn't Verified!

In order to create a playlist on Sporcle, you need to verify the email address you used during registration. Go to your Sporcle Settings to finish the process.

Report this User

Report this user for behavior that violates our Community Guidelines.

Details: